Make believe : (Record no. 104123)
[ view plain ]
| 000 -LEADER | |
|---|---|
| fixed length control field | 00433nam a2200157 a 4500 |
| 005 - DATE AND TIME OF LATEST TRANSACTION | |
| control field | 20140412111313.0 |
| 008 - FIXED-LENGTH DATA ELEMENTS--GENERAL INFORMATION | |
| fixed length control field | 030415s19uu xx 00 eng d |
| 020 ## - INTERNATIONAL STANDARD BOOK NUMBER | |
| International Standard Book Number | 0-696-01893-4 |
| 050 ## - LIBRARY OF CONGRESS CALL NUMBER | |
| Classification number | M 700 |
| Item number | Ma11 1989 |
| 245 ## - TITLE STATEMENT | |
| Title | Make believe : |
| Remainder of title | better homes and gardens. |
| 260 ## - PUBLICATION, DISTRIBUTION, ETC. (IMPRINT) | |
| Place of publication, distribution, etc | Iowa : |
| Name of publisher, distributor, etc | Meredith Corporation, |
| Date of publication, distribution, etc | 1989. |
| 300 ## - PHYSICAL DESCRIPTION | |
| Extent | 32 p. ; ill. |
| 440 ## - SERIES STATEMENT/ADDED ENTRY--TITLE | |
| Title | Fun Projects for Kids to Do |
| 650 ## - SUBJECT ADDED ENTRY--TOPICAL TERM | |
| Topical term or geographic name as entry element | Projects |
| Withdrawn status | Lost status | Damaged status | Use restrictions | Home library | Current library | Shelving location | Date acquired | Source of acquisition | Total Checkouts | Full call number | Barcode | Date last seen | Price effective from | Koha item type |
|---|---|---|---|---|---|---|---|---|---|---|---|---|---|---|
| Elizalde Library | Elizalde Library | Main Section | 04/15/2003 | M 700 Ma11 1989 | E6521 | 04/12/2014 | 04/12/2014 | Books |